banner-ar

TAPIS ET TISSAGES DU MAROC: UNE ECRITURE DE SILENCE / (Record no. 16189)

MARC details
000 -الفاتح
حقل البيانات ثابتة الطول 00487nam a2200181Ia 4500
008 - عناصر البيانات ثابتة الطول - معلومات عامة
حقل البيانات ثابتة الطول 140319s9999 xx 000 0 eng d
040 ## - مصدر الفهرسة
وكالة الفهرسة الأصلية GCL /
وكالة النسخ GCL
082 04 - رقم تصنيف ديوى العشرى
رقم التصنيف 759.05
رقم المادة R T
100 1# - المدخل الرئيسى - إسم شخصى
الإسم الشخصى RAMIREZ, FRANCIS
245 10 - بيان العنوان
العنوان TAPIS ET TISSAGES DU MAROC: UNE ECRITURE DE SILENCE /
بيان المسئوليه,etc RAMIREZ, FRANCIS
700 1# - المدخل الاضافى - اسم شخصى
الإسم الشخصى ROLOT, CHRISTIAN
260 ## - PUBLICATION, DISTRIBUTION, ETC. (IMPRINT)
تاريخ النشر أو التوزيع 1995
300 ## - الوصف المادى
التعداد 192 P
650 04 - المدخل الاضافى بالموضوع-مصطلح موضوعى
مصطلح موضوعي ARTS
650 04 - المدخل الاضافى بالموضوع-مصطلح موضوعى
مصطلح موضوعي PAINTERS - BIOGRAPHY
942 ## - عناصر المدخل الإضافي( كوها)
مصدر التصنيف او مخطط الترفيف Dewey Decimal Classification
Koha [default] item type كتاب
260 ## - PUBLICATION, DISTRIBUTION, ETC. (IMPRINT)
-- [S.N] :
-- ACR EDITION ،
Holdings
حالة التراجع حالة الفقد حالة تلف ليس للاعارة المكان المؤقت الموقع الحالى تاريخ الاكتساب اجمالي اﻻعارات رقم الطلب الباركود تاريخ اخر مشاهدة تاريخ تفعيل السعر نوع وعاء كوها
        مكتبة القاهرة الكبرى مكتبة القاهرة الكبرى 03/26/2014   759.05\R T 29566 03/26/2014 03/26/2014 كتاب

Powered By

EGPV